=LDR 00000nam 2200000 4500 =001 INLIS000000000025657 =005 20210607102624 =035 ##$$a 0010-061300000025657 =008 210607################g##########0#ind## =041 ##$$a ind =082 ##$$a 340.3 =090 ##$$a 340.3, SUJ r =100 1#$$a Sujata, Antonius =245 1#$$a Reformasi dalam penegakan hukum /$c Antonius Sujata =260 ##$$a Jakarta :$b Djambatan,$c 2000 =300 ##$$a xxviii, 317 hlm ; $c 21x14 cm =650 #4$$a Hukum =650 #4$$a Pembaharuan =850 ##$$a NBPNMAT =020 ##$$a 979-428-390-8 =084 ##$$a 340.3 SUJ r =250 ##$$a cet.1 =990 ##$$a 160525/Pb.2001